| 000 | 01317cab a2200277 4500 | ||
|---|---|---|---|
| 001 | ABS47321 | ||
| 008 | 090401t1992 xxu||||| |||| 00| 0 eng d | ||
| 035 | _a(Sirsi) u61607 | ||
| 041 | _aeng | ||
| 100 | _aCrawford, D. | ||
| 245 | _aConflict of interest? | ||
| 260 | _c1992 | ||
| 350 | _a0 | ||
| 490 |
_aValuer (ISVA) _v61(8) October 1992, 11(1) |
||
| 520 | _aExamines the current investigation by the Office of Fair Trading into the building societies` mortgage valuation panels which is covering four main issues, are independent valuers and surveyors being unfairly treated by mortgage lenders; is their a conflict of interest between firms which are members of a single conglomerate selling a property for a vendor and providing finance and the necessary mortgage valuation for a purchaser; should housebuyers be restricted by lenders in their choice of valuer and are they being deterred from commissioning the fuller conditional report or survey. | ||
| 650 | _aBUILDING SOCIETIES | ||
| 650 | _aCONFLICT OF INTEREST | ||
| 650 | _aHOUSING FINANCE | ||
| 650 | _aMORTGAGE VALUATION PANELS | ||
| 650 | _aMORTGAGE VALUATIONS | ||
| 690 | _aHOUSING-FINANCE | ||
| 690 | _aMANAGEMENT-BUSINESS MANAGEMENT-PROFESSIONAL PRACTICE | ||
| 690 | _aRATING AND VALUATION | ||
| 942 | _n0 | ||
| 948 | _c04/03/1997 | ||
| 999 |
_c38202 _d38202 |
||